Basic office application / (Record no. 217)

MARC details
000 -LEADER
fixed length control field 00449nam a22001577a 4500
005 - DATE AND TIME OF LATEST TRANSACTION
control field 20221117014121.0
008 - FIXED-LENGTH DATA ELEMENTS--GENERAL INFORMATION
fixed length control field 221117b |||||||| |||| 00| 0 eng d
020 ## - INTERNATIONAL STANDARD BOOK NUMBER
International Standard Book Number 978-971-27-2370-4
082 ## - DEWEY DECIMAL CLASSIFICATION NUMBER
Classification number Fil. 005.5 Ab117 2010
100 ## - MAIN ENTRY--PERSONAL NAME
Personal name Abante, Marmelo
Relator term author
245 ## - TITLE STATEMENT
Title Basic office application /
Statement of responsibility, etc. Marmelo Abante
260 ## - PUBLICATION, DISTRIBUTION, ETC.
Place of publication, distribution, etc. Pasig City:
Name of publisher, distributor, etc. Anvil Publishing,
Date of publication, distribution, etc. c2010.
300 ## - PHYSICAL DESCRIPTION
Extent xii, 285p.;
Other physical details ill.
541 ## - IMMEDIATE SOURCE OF ACQUISITION NOTE
Accession number 3161
650 ## - SUBJECT ADDED ENTRY--TOPICAL TERM
Topical term or geographic name entry element Microsoft office
Holdings
Withdrawn status Lost status Source of classification or shelving scheme Damaged status Not for loan Home library Current library Date acquired Total Checkouts Full call number Barcode Date last seen Copy number Price effective from Koha item type
    Dewey Decimal Classification     ctu-moalboal ctu-moalboal 01/07/2013   Fil. 005.5 Ab117 2010 3161 11/17/2022 1 11/17/2022 Books-Filipiniana